Seeing the elephant : understanding globalization from trunk to tail
Seeing the Elephant demystifies globalization, and analyzes the megatrends and interconnections of the 21st century. With bold suggestions on how America reassert its historic leadership in the new global arena, Seeing the Elephant should be required reading for policy makers, businessmen and inform...
محفوظ في:
| المؤلف الرئيسي: | |
|---|---|
| التنسيق: | كتاب |
| اللغة: | Undetermined |
| منشور في: |
Hoboken, N.J.
John Wiley & Sons
2009
|
| الموضوعات: | |
| الوسوم: |
إضافة وسم
لا توجد وسوم, كن أول من يضع وسما على هذه التسجيلة!
|
| Thư viện lưu trữ: | Trung tâm Học liệu Trường Đại học Cần Thơ |
|---|
| LEADER | 01184nam a2200229Ia 4500 | ||
|---|---|---|---|
| 001 | CTU_166256 | ||
| 008 | 210402s9999 xx 000 0 und d | ||
| 020 | |c 27.95 | ||
| 082 | |a 337 | ||
| 082 | |b M312 | ||
| 100 | |a Marber, Peter | ||
| 245 | 0 | |a Seeing the elephant : | |
| 245 | 0 | |b understanding globalization from trunk to tail | |
| 245 | 0 | |c Peter Marber | |
| 260 | |a Hoboken, N.J. | ||
| 260 | |b John Wiley & Sons | ||
| 260 | |c 2009 | ||
| 520 | |a Seeing the Elephant demystifies globalization, and analyzes the megatrends and interconnections of the 21st century. With bold suggestions on how America reassert its historic leadership in the new global arena, Seeing the Elephant should be required reading for policy makers, businessmen and informed citizens alike | ||
| 650 | |a Globalization,Globalization,Globalization,Quality of life,Toàn cầu hóa,Toàn cầu hóa,Toàn cầu hóa,Chất lượng cuộc sống | ||
| 650 | |x Economic aspects,Social aspects,Environmental aspects,Khía cạnh kinh tế,Khía cạnh xã hội,Khía cạnh môi trường | ||
| 910 | |a Nguyên | ||
| 980 | |a Trung tâm Học liệu Trường Đại học Cần Thơ | ||